Loading...
| Literature - American | 1 | 2 | 0 | 1 | 35 | 45 | 98.33 | 1 | 2 | 0.00 | 0.00 |
| History - World | 1 | 1 | 0 | 0 | 25 | 59 | 81.00 | 0 | 2 | 0.00 | 0.00 |
| History - European | 1 | 1 | 0 | 1 | 25 | 47 | 88.50 | 0 | 2 | 0.00 | 0.00 |
| Other Arts: Auditory | 0 | 2 | 0 | 0 | 20 | 77 | 91.50 | 1 | 2 | 0.00 | 0.00 |
| Beliefs | 1 | 0 | 0 | 0 | 15 | 22 | 22.00 | 0 | 1 | 0.00 | 0.00 |
| Other Science: Astronomy | 1 | 0 | 0 | 0 | 15 | 71 | 71.00 | 1 | 1 | 0.00 | 0.00 |
| Literature - British | 0 | 1 | 0 | 0 | 10 | 89 | 89.00 | 0 | 1 | 0.00 | 0.00 |
| Other Academic | 0 | 1 | 0 | 1 | 10 | 122 | 122.00 | 0 | 0 | 0.00 | 0.00 |
| Fine Arts - Auditory | 0 | 1 | 0 | 0 | 10 | 78 | 78.00 | 0 | 1 | 0.00 | 0.00 |
| Science - Chemistry | 0 | 1 | 0 | 1 | 10 | 141 | 141.00 | 0 | 0 | 0.00 | 0.00 |
| History - American | 0 | 1 | 0 | 1 | 10 | 129 | 129.00 | 0 | 1 | 0.00 | 0.00 |
| Other Science: Earth Science | 0 | 1 | 1 | 0 | 5 | 136 | 136.00 | 0 | 0 | 0.00 | 0.00 |
| Other Science: Math | 0 | 0 | 0 | 0 | 0 | 0.00 | 0 | 0 | 0.00 | 0.00 | |
| Social Science | 0 | 0 | 0 | 0 | 0 | 0.00 | 0 | 0 | 0.00 | 0.00 | |
| Science - Physics | 0 | 0 | 0 | 0 | 0 | 0.00 | 0 | 0 | 0.00 | 0.00 | |
| 0 | 0 | 0 | 0 | 0 | 0.00 | 0 | 0 | 0.00 | 0.00 |